000 01820nam a22002537a 4500
999 _c63110
_d63110
003 Ge_BSU
005 20250604111421.0
008 250604s2024 ge ||||| |||| 00| 0 geo d
020 _a9789941315091
041 _ageo
080 _a51(075.3) მ-15
245 _aმათემატიკა : მე-10 კლასი :
_bმოსწავლის წიგნი. 2 სემესტრი /
_cავტორები: გურამ გოგიშვილი, თეიმურაზ ვეფხვაძე, ია მებონია, ლამარა ქურჩიშვილი; რედაქტორი თეიმურაზ ვეფხვაძე; გარეკანის დიზაინერები: გურამ გოგიშვილი, ილია ხელაია.
250 _a1 გამოცემა
264 _aთბილისი :
_bინტელექტი,
_c2024.
300 _a332 გვ. :
_bილ.;
_c28 სმ.
500 _aგრიფმინიჭებულია საქართველოს განათლებისა და მეცნიერების სამინისტროს მიერ 2022 წელს.
700 _aგოგიშვილი, გ.
_eავტორი
_925238
700 _a ვეფხვაძე, თეიმურაზ
_eავტორი
_925239
700 _aმებონია, ია
_eავტორი
_95603
700 _aქურჩიშვილი, ლ.
_eავტორი
_925219
700 _aგოგიშვილი, გ.
_e გარეკანის დიზაინერი
_925240
700 _aხელაია, ილია
_e გარეკანის დიზაინერი
_914070
942 _2udc
_cᲬᲘᲒᲜᲘ